[Event "Dundee & Angus Major"]
[Site "Dundee"]
[Date "2012.10.??"]
[Round "5"]
[White "Milton, Anna Helen Mary"]
[Black "Walsh, Peter C"]
[Result "1-0"]
[WhiteElo "1327"]
[BlackElo "1535"]
[PlyCount "73"]
[EventDate "2012.10.12"]
[EventType "swiss"]
[EventRounds "5"]
[EventCountry "SCO"]
[SourceTitle "EXT 2023"]
[Source "ChessBase"]
[SourceDate "2022.10.05"]
[SourceVersion "1"]
[SourceVersionDate "2022.10.05"]
[SourceQuality "1"]

1. d4 Nf6 2. c4 g6 3. Nc3 Bg7 4. Nf3 d6 5. g3 0-0 6. Bg2 Nbd7 7. 0-0 e5 8. e4 c6 9. h3 a5 10. b3 exd4 11. Nxd4 Nc5 12. Rb1 Re8 13. Re1 Ne6 14. Nxe6 Bxe6 15. Bb2 Qd7 16. Kh2 Rad8 17. Qd2 Qc7 18. Red1 Nd7 19. Qxd6 Qb6 20. Qd2 Nc5 21. Qe2 f5 22. Rxd8 Rxd8 23. exf5 Bxf5 24. Rd1 Nd3 25. Na4 Qc7 26. Bxg7 Kxg7 27. Nc3 Qb6 28. g4 Nf4 29. Qe7+ Kh6 30. Qxd8 Qxf2 31. Qd2 Qxd2 32. Rxd2 Bd3 33. Kg3 g5 34. h4 Kg6 35. Be4+ Bxe4 36. Nxe4 h6 37. Rd6+ 1-0